000 00179 a2200085 4500
020 _a9788193232958
100 _aSanjay Mohe
245 _aConnecting The Dots
260 _bBorder Book
999 _c13345
_d13345